000 00471nam a22001457a 4500
008 150306b xxu||||| |||| 00| 0 eng d
020 _a9780394723389
050 _aQC71.Q36 1984
100 _a Wilber, Ken
_915855
245 _aQuantum Questions
_bmystical writings of the world's great physicists
_c/by Ken Wilber
260 _aBoston
_bShambhala
_c1985
300 _a208p.
_c23cm.
650 _aPhysics
_xAddresses, essays, lectures
_915856
942 _2lcc
_cMONOGRAPH
999 _c122292
_d122292